01158 a2200205 4500003000500000005001700005010001600022020001500038040000900053082001800062100002700080245005400107260007600161300002900237505049100266650003500757942001300792999001900805952012800824Nust20220802180817.0 a 93027585 a0632053984 cNust00a621.31924,ATK1 aAtkinson, Bill.99635610aElectrical installation designs /cBill Atkinson. aOxford [England] ;aBoston :bBlackwell Scientific Publications,c1994. a204 p. :bill. ;c25 cm. aIntroduction (Page-1), Three Bedroom House (Page-8), A Block Of Retirement Flatlets (Page-20), Overcurrent Protection (Page-35), An Architect’s Office (Page -43), A High Street Shop (Page-61), Earthing And Bonding (Page-75), Car Services Workshop (Page-90),Circuits (Page-109), Farming And Horticulture (Page-121), Isolation And Switching (Page-135), A Village Sports Centre (Page-141), An Indoor Swimming Pool (Page-156), Cables And Writing Systems (Page-168), Completion (Page-179). 0aTelecommunication Engineering. cREF2ddc c175600d175600 00102ddc4070aMCSbMCScREFd2016-12-12o621.31924,ATKpMCS27895r2016-12-08w2016-12-12yREFzAlmirah No.20, Shelf No.4